The offshore nation : (Record no. 131277)

MARC details
000 -LEADER
fixed length control field 00798nam a22002417a 4500
005 - DATE AND TIME OF LATEST TRANSACTION
control field 20170124110125.0
010 ## - LIBRARY OF CONGRESS CONTROL NUMBER
LC control number B-192585
020 ## - INTERNATIONAL STANDARD BOOK NUMBER
Terms of availability 00.00
International Standard Book Number 0070583277
035 ## - SYSTEM CONTROL NUMBER
System control number B-192585
037 ## - SOURCE OF ACQUISITION
Source of stock number/acquisition Cen Lib/Ret
040 ## - CATALOGING SOURCE
Original cataloging agency DPL
Language of cataloging EN
082 ## - DEWEY DECIMAL CLASSIFICATION NUMBER
Classification number 658.4038
Item number VAS
100 ## - MAIN ENTRY--PERSONAL NAME
Personal name Vashistha, Atul
9 (RLIN) 31347
245 ## - TITLE STATEMENT
Title The offshore nation :
Statement of responsibility, etc by Atul Vashistha [and] Aviansh Vashistha
Remainder of title the rise of services globalization /
260 ## - PUBLICATION, DISTRIBUTION, ETC. (IMPRINT)
Name of publisher, distributor, etc Tata McGraw-Hill Publishing
Date of publication, distribution, etc 2005
Place of publication, distribution, etc New Delhi
270 ## - ADDRESS
Address 7 West Patel Nagar
City New Delhi
Postal code 110008
300 ## - PHYSICAL DESCRIPTION
Extent xix,296p. :
Dimensions 22cm(Hb)
Other physical details ill.
500 ## - GENERAL NOTE
General note Includes index
650 ## - SUBJECT ADDED ENTRY--TOPICAL TERM
Topical term or geographic name as entry element Service industries -- Marketing
9 (RLIN) 31348
650 ## - SUBJECT ADDED ENTRY--TOPICAL TERM
Topical term or geographic name as entry element Contracting out
9 (RLIN) 26047
700 ## - ADDED ENTRY--PERSONAL NAME
Personal name Vashistha, Avinash
9 (RLIN) 31349
942 ## - ADDED ENTRY ELEMENTS (KOHA)
Source of classification or shelving scheme Dewey Decimal Classification
Koha item type English Books
Classification part 658.4038
Call number suffix VAS
Holdings
Withdrawn status Lost status Damaged status Not for loan Home library Current library Date acquired Source of acquisition Cost, normal purchase price Total Checkouts Full call number Barcode Date last seen Copy number Cost, replacement price Price effective from Koha item type Source of classification or shelving scheme Collection code
        Central Library Central Library 14/07/2015 Cen Lib/Ret 0.00   658.4038 VAS B-192585 14/07/2015 1 0.00 14/07/2015 English Books    
        Sarojini Nagar Sarojini Nagar 07/05/2019       658.4038 VAS B-192587 07/05/2019     07/05/2019 English Books Dewey Decimal Classification Non-fiction

© Delhi Public Library
Hit Counter
free hit counter